Revista de la Universidad de San Carlos de Guatemala/ (Record no. 3826)

MARC details
000 -LEADER
campo de control de longitud fija 01380nam a22003257a 4500
003 - IDENTIFICADOR DE NÚMERO DE CONTROL
campo de control OSt
005 - FECHA Y HORA DE LA ÚLTIMA TRANSACCIÓN
campo de control 20230608111205.0
008 - DATOS DE LONGITUD FIJA--INFORMACIÓN GENERAL
campo de control de longitud fija 221006b |||||||| |||| 00| 0 eng d
040 ## - FUENTE DE CATALOGACIÓN
Centro/agencia transcriptor Biblioteca Lado V
082 ## - NÚMERO DE LA CLASIFICACIÓN DECIMAL DEWEY
Número de clasificación 800
Número de ítem G984r
100 ## - ENTRADA PRINCIPAL--NOMBRE DE PERSONA
9 (RLIN) 849
Nombre de persona Gutierrez, Rafael
Término indicativo de función/relación director
245 ## - MENCIÓN DEL TÍTULO
Título Revista de la Universidad de San Carlos de Guatemala/
260 ## - PUBLICACIÓN, DISTRIBUCIÓN, ETC.
Lugar de publicación, distribución, etc. Impreso en Litografía Llerena
Fecha de publicación, distribución, etc. 2006
Nombre del editor, distribuidor, etc. Guatemala
300 ## - DESCRIPCIÓN FÍSICA
Dimensiones 21.5x27cm
Extensión 85p.
366 ## - INFORMACIÓN SOBRE DISPONIBILIDAD COMERCIAL
Nota spa
490 ## - MENCIÓN DE SERIE
Mención de serie 1
Designación de volumen o secuencia 2006
505 ## - NOTA DE CONTENIDO CON FORMATO
Título Debate
Nota de contenido con formato Severo Martinez Peláez y Carlos Guzman Bockler<br/><br/>
505 ## - NOTA DE CONTENIDO CON FORMATO
Título Ensayos
Nota de contenido con formato La sociedad civil: una reflexión teórica <br/><br/>Cine, beneficencia y censura<br/><br/>Tarde es temprano para nosotros<br/><br/>La evolución del libro<br/><br/>Curaduría, compromiso y redención social
505 ## - NOTA DE CONTENIDO CON FORMATO
Título Letras
Nota de contenido con formato Poemas<br/><br/>Relato<br/><br/>Relato<br/><br/>
505 ## - NOTA DE CONTENIDO CON FORMATO
Título Arte
Nota de contenido con formato El universo de Francisco Tun <br/>
505 ## - NOTA DE CONTENIDO CON FORMATO
Título Comentarios
Nota de contenido con formato El trueno en la ciudad
650 ## - PUNTO DE ACCESO ADICIONAL DE MATERIA--TÉRMINO DE MATERIA
Fuente del encabezamiento o término Tesauro de Arte & Arquitectura
Término de materia o nombre geográfico como elemento de entrada ENSAYOS
9 (RLIN) 703
650 ## - PUNTO DE ACCESO ADICIONAL DE MATERIA--TÉRMINO DE MATERIA
Fuente del encabezamiento o término Tesauro de Arte & Arquitectura
Término de materia o nombre geográfico como elemento de entrada NARRATIVA
9 (RLIN) 702
650 ## - PUNTO DE ACCESO ADICIONAL DE MATERIA--TÉRMINO DE MATERIA
Fuente del encabezamiento o término Tesauro de Arte & Arquitectura
Término de materia o nombre geográfico como elemento de entrada DEBATE
9 (RLIN) 702
650 ## - PUNTO DE ACCESO ADICIONAL DE MATERIA--TÉRMINO DE MATERIA
Fuente del encabezamiento o término Tesauro de Arte & Arquitectura
Término de materia o nombre geográfico como elemento de entrada POESIA
650 ## - PUNTO DE ACCESO ADICIONAL DE MATERIA--TÉRMINO DE MATERIA
Fuente del encabezamiento o término Tesauro de Arte & Arquitectura
Término de materia o nombre geográfico como elemento de entrada ARTE
650 ## - PUNTO DE ACCESO ADICIONAL DE MATERIA--TÉRMINO DE MATERIA
Fuente del encabezamiento o término Tesauro de Arte & Arquitectura
Término de materia o nombre geográfico como elemento de entrada CULTURA
700 ## - ENTRADA AGREGADA--NOMBRE PERSONAL
Nombre de persona Navarreta, Jose Antonio
Término indicativo de función/relación editor
942 ## - ELEMENTOS DE ENTRADA SECUNDARIOS (KOHA)
Fuente del sistema de clasificación o colocación Clasificación Decimal Dewey
Tipo de ítem Koha Libros
Parte de la signatura que corresponde a la clasificación (Parte de la clasificación) 800
Parte de la signatura que identifica el ejemplar (Parte del ítem) G984r
Suprimir en OPAC No
Holdings
Estatus retirado Estado de pérdida Fuente del sistema de clasificación o colocación Especificación de materiales (volumen encuadernado u otra parte) Estado de daño No para préstamo Colección Biblioteca de origen Biblioteca actual Fecha de adquisición Enumeración/cronología de publicación seriada Número de inventario Total de préstamos Signatura topográfica completa Código de barras Visto por última vez Precio de reemplazo Tipo de ítem Koha
    Clasificación Decimal Dewey 2006     Revistas Biblioteca LadoV Biblioteca LadoV 08/06/2023 1 002873   800 G984r 002873 08/06/2023 08/06/2023 Libros